01247nam a2200337 ia4500003000400000005001700004008004100021020003900062040002700101082001200128090001700140100003500157245003600192264005100228264001100279300006900290336002100359337002500380338002300405490003700428500002100465520021600486521001200702650003600714650003200750650003400782650002600816830003700842942001100879999001900890OSt20260525130121.0260525t20252025nyuoa br 001 0 eng d a9781510567016cRM137.50qhardback  aPPAK bengcPPAKerda 04a53822300a538bGOL dK1 aGoldsworthy, Kaite, eauthor. 10aMAGNETISM / cKAITE GOLDSWORTHY 1aNew York : bLightbox Learning Inc., c[2025?] 4c©2025 a24 pages : bcolour photographs, colour illustrations ; c26 cm  atext2rdacontent aunmediated2rdamedia avolume2rdacarrier1 aTHE BEGINNER'S GUIDE TO PHYSICS  aIncludes index.  a"Magnets are objects that produce an invisible field of forces called a magnetic field. This field affects all magnetic objects and materials within it. Magnetism is created by the movement of electric charges." aAges 6.10aMagnetism vJuvenile literature20aMotionvJuvenile literature20aScience vJuvenile literature20aScience for children  0aThe beginner's guide to Physics  2ddccB c204447d204447